[Event "45th Guernsey Open 2019"]
[Site "Vale"]
[Date "2019.10.24"]
[Round "5.4"]
[White "Havenaar, Jan"]
[Black "Heppell, Ian N"]
[Result "1/2-1/2"]
[WhiteElo "2091"]
[BlackElo "1995"]
[Annotator "NA"]
[PlyCount "62"]
[EventDate "2019.10.20"]
[EventType "swiss"]
[EventCountry "GCI"]
[SourceTitle "playchess.com"]
[Source "ChessBase"]
[SourceQuality "1"]
[TimeControl "40/6000+30:2400+30"]

1. Nc3 {[%emt 0:00:00]} Nf6 {[%emt 0:00:00]} 2. e4 {[%emt 0:01:04]} e5 {[%emt 0:00:59]} 3. g3 {[%emt 0:00:44]} d5 {[%emt 0:05:11]} 4. exd5 {[%emt 0:00:15]} c6 {[%emt 0:02:09]} 5. Qe2 {[%emt 0:04:47]} cxd5 {[%emt 0:01:36]} 6. Qxe5+ {[%emt 0:00:10]} Be7 {[%emt 0:00:06]} 7. Nb5 {[%emt 0:06:18]} O-O {[%emt 0:02:20]} 8. Qc7 {[%emt 0:00:08]} Qe8 {[%emt 0:01:50]} 9. Be2 {[%emt 0:03:51]} Nc6 {[%emt 0:11:48]} 10. c3 {[%emt 0:02:16]} a6 {[%emt 0:26:44]} 11. Nd6 {[%emt 0:00:56]} Bxd6 {[%emt 0:01:37]} 12. Qxd6 {[%emt 0:00:04]} d4 {[%emt 0:02:09]} 13. d3 {[%emt 0:10:40]} Bf5 {[%emt 0:04:02]} 14. Bg5 {[%emt 0:03:47]} Rd8 {[%emt 0:05:06]} 15. Qf4 {[%emt 0:00:24]} Bxd3 {[%emt 0:00:14]} 16. Bxf6 {[%emt 0:00:06]} gxf6 {[%emt 0:01:13]} 17. Qg4+ {[%emt 0:02:37]} Bg6 {[%emt 0:02:36]} 18. O-O-O {[%emt 0:01:14]} dxc3 {[%emt 0:04:21]} 19. bxc3 {[%emt 0:01:55]} Qe5 {[%emt 0:01:15]} 20. Kb2 {[%emt 0:01:05]} Rxd1 {[%emt 0:01:20]} 21. Bxd1 {[%emt 0:00:12]} Rd8 {[%emt 0:02:57]} 22. Nf3 {[%emt 0:04:29]} Qb5+ {[%emt 0:01:44]} 23. Bb3 {[%emt 0:02:37]} Qe2+ {[%emt 0:03:21]} 24. Ka3 {[%emt 0:00:45]} Qxf2 {[%emt 0:01:57]} 25. Rd1 {[%emt 0:02:34]} Qc5+ {[%emt 0:05:23]} 26. Kb2 {[%emt 0:00:20]} Qf2+ {[%emt 0:04:42]} 27. Ka3 {[%emt 0:00:05]} Qc5+ {[%emt 0:02:40]} 28. Kb2 {[%emt 0:00:13]} Rxd1 {[%emt 0:00:31]} 29. Bxd1 {[%emt 0:00:06]} Qf5 {[%emt 0:00:23]} 30. Qxf5 {[%emt 0:02:16]} Bxf5 {[%emt 0:00:05]} 31. Nd4 {[%emt 0:00:18]} Be4 {[%emt 0:01:30]} 1/2-1/2

[Event "45th Guernsey Open 2019"]
[Site "Vale"]
[Date "2019.10.24"]
[Round "5.5"]
[White "Kwossek, Georg"]
[Black "Curtis, John"]
[Result "1/2-1/2"]
[WhiteElo "1984"]
[BlackElo "2292"]
[Annotator "NA RC"]
[PlyCount "53"]
[EventDate "2019.10.20"]
[EventType "swiss"]
[EventCountry "GCI"]
[SourceTitle "playchess.com"]
[Source "ChessBase"]
[SourceQuality "1"]
[TimeControl "40/6000+30:2400+30"]

1. Nf3 {[%emt 0:00:00]} d6 {[%emt 0:00:00]} 2. d4 {[%emt 0:00:00]} Bg4 {[%emt 0:00:03]} 3. c4 {[%emt 0:01:00]} Nd7 {[%emt 0:00:21]} 4. Nc3 {[%emt 0:00:58]} Bxf3 {[%emt 0:00:17]} 5. gxf3 {[%emt 0:00:42]} g6 {[%emt 0:00:51]} 6. Bg2 {[%emt 0:09:00]} Bg7 {[%emt 0:00:24]} 7. f4 {[%emt 0:00:12]} c6 {[%emt 0:01:34]} 8. e3 {[%emt 0:08:48]} e6 {[%emt 0:14:22]} 9. e4 {[%emt 0:10:00]} Ne7 {[%emt 0:03:54]} 10. Be3 {[%emt 0:02:35]} Qa5 {[%emt 0:11:52]} 11. a3 {[%emt 0:07:52]} c5 {[%emt 0:04:39]} 12. O-O {[%emt 0:01:33]} O-O {[%emt 0:16:06]} 13. Nb5 {[%emt 0:05:34]} cxd4 {[%emt 0:16:34]} 14. Bxd4 {[%emt 0:04:59]} d5 {[%emt 0:03:19]} 15. b4 {[%emt 0:06:55]} Qd8 {[%emt 0:00:39]} 16. Bxg7 {[%emt 0:04:56]} Kxg7 {[%emt 0:00:05]} 17. cxd5 {[%emt 0:02:07]} exd5 {[%emt 0:00:04]} 18. Qd4+ {[%emt 0:00:19]} Nf6 {[%emt 0:01:15]} 19. e5 {[%emt 0:02:23]} Nh5 {[%emt 0:02:37]} 20. Nd6 {[%emt 0:15:26]} Kg8 {[%emt 0:03:57]} 21. b5 {[%emt 0:02:03]} Qd7 {[%emt 0:03:25]} 22. h3 {[%emt 0:08:07]} Rad8 {[%emt 0:05:51]} 23. Rad1 {[%emt 0:02:04]} Nf5 {[%emt 0:03:17]} 24. Qxd5 {[%emt 0:02:11]} Nxf4 {[%emt 0:00:11]} 25. Qxb7 {[%emt 0:01:01]} Qe6 {[%emt 0:06:26]} 26. Qf3 {[%emt 0:03:21]} g5 {[%emt 0:04:10]} 27. Nxf5 {[%emt 0:01:41]} 1/2-1/2

[Event "45th Guernsey Open 2019"]
[Site "Vale"]
[Date "2019.10.24"]
[Round "5.6"]
[White "Purdon, Colin"]
[Black "Thurlow, Kevin J"]
[Result "1/2-1/2"]
[WhiteElo "1993"]
[BlackElo "2021"]
[Annotator "NA RC"]
[PlyCount "87"]
[EventDate "2019.10.20"]
[EventType "swiss"]
[EventCountry "GCI"]
[SourceTitle "playchess.com"]
[Source "ChessBase"]
[SourceQuality "1"]
[TimeControl "40/6000+30:2400+30"]

1. d4 {[%emt 0:00:00]} Nf6 {[%emt 0:00:00]} 2. c4 {[%emt 0:00:00]} c5 {[%emt 0:00:05]} 3. d5 {[%emt 0:00:00]} b5 {[%emt 0:00:04]} 4. Nf3 {[%emt 0:00:42]} bxc4 {[%emt 0:01:30]} 5. Nc3 {[%emt 0:01:59]} g6 {[%emt 0:00:33]} 6. e4 {[%emt 0:00:40]} d6 {[%emt 0:00:13]} 7. Bxc4 {[%emt 0:07:33]} Bg7 {[%emt 0:01:15]} 8. O-O {[%emt 0:00:28]} Nbd7 {[%emt 0:00:49]} 9. Re1 {[%emt 0:07:16] A57: Benko/Volga Gambit} (9. Bg5 O-O 10. Qd2 Nb6 11. Bd3 a5 12. Rfe1 Bg4 13. Nh4 a4 14. Bh6 e5 15. dxe6 Bxe6 16. Bxg7 Kxg7 17. Rad1 Ng4 {½-½ (41) Bigaliev,R (2427)-Pridorozhni,A (2588) Yaroslavl 2019}) 9... Ng4 {[%emt 0:03:34]} 10. h3 {[%emt 0:05:21]} Nge5 {[%emt 0:00:10]} 11. Nxe5 {[%emt 0:00:29]} Nxe5 {[%emt 0:00:15]} 12. Bf1 $146 {[%emt 0:11:14]} ({Predecessor:} 12. Bb5+ Bd7 13. Be2 Bc8 14. f4 Nd7 15. Be3 O-O 16. Qd2 Rb8 17. Rec1 a6 18. b3 Rb4 19. Bd3 Bd4 20. Bxd4 Rxd4 21. Qc2 Qb6 22. a3 Rxd3 23. Qxd3 c4+ {0-1 (23) Svec,L (1673)-Reimer,K (1528) Liberec 2018}) 12... O-O {[%emt 0:01:19]} 13. Be3 {[%emt 0:09:56]} Qa5 {[%emt 0:04:45]} 14. f4 {[%emt 0:06:20]} Nd7 {[%emt 0:03:44]} 15. Qd2 {[%emt 0:00:27]} Rb8 {[%emt 0:03:00]} 16. Rac1 {[%emt 0:05:55]} Ba6 {[%emt 0:00:48]} 17. Bxa6 Qxa6 {[%emt 0:00:17]} 18. Rc2 {[%emt 0:12:47]} Rb4 {[%emt 0:06:36]} 19. e5 {[%emt 0:02:12]} dxe5 {[%emt 0:05:41]} 20. fxe5 {[%emt 0:00:16]} Bxe5 {[%emt 0:06:09]} 21. Bxc5 {[%emt 0:01:36]} Nxc5 {[%emt 0:01:30]} 22. Rxe5 {[%emt 0:00:11]} Nd3 {[%emt 0:07:29]} 23. Rxe7 {[%emt 0:05:46]} Nxb2 {[%emt 0:07:13]} 24. Qf2 {[%emt 0:04:58]} Nd3 {[%emt 0:03:30]} 25. Qe3 {[%emt 0:06:13]} Rb6 {[%emt 0:04:01]} 26. Rd2 {[%emt 0:02:32]} Nb2 {[%emt 0:03:57]} 27. Qd4 {[%emt 0:01:48]} Nc4 {[%emt 0:01:15]} 28. Rde2 {[%emt 0:05:37]} Nd6 {[%emt 0:01:46]} 29. R7e5 {[%emt 0:00:30]} Qa3 {[%emt 0:04:27]} 30. Kh2 {[%emt 0:02:41]} Nf5 {[%emt 0:04:59]} 31. Qd2 {[%emt 0:00:58]} Nd6 {[%emt 0:02:59]} 32. Qd4 {[%emt 0:04:05]} Nf5 {[%emt 0:09:19]} 33. Qd2 {[%emt 0:00:21]} Qd6 {[%emt 0:03:52]} 34. Qf4 {[%emt 0:01:48]} f6 {[%emt 0:09:39]} 35. R5e4 {[%emt 0:00:10]} Rc8 {[%emt 0:03:24]} 36. Re8+ {[%emt 0:01:44]} Rxe8 {[%emt 0:00:22]} 37. Rxe8+ {[%emt 0:00:07]} Kf7 {[%emt 0:00:06]} 38. Qxd6 {[%emt 0:00:26]} Nxd6 {[%emt 0:00:49]} 39. Rd8 {[%emt 0:02:44]} Ra6 {[%emt 0:04:08]} 40. a4 {[%emt 0:00:32]} Ke7 {[%emt 0:02:01]} 41. Rh8 {[%emt 0:40:45]} h5 {[%emt 0:41:43]} 42. Rb8 {[%emt 0:00:00]} f5 {[%emt 0:00:00]} 43. Rb2 {[%emt 0:00:00]} Ne4 $11 {[%emt 0:00:00]} 44. Re2 {[%emt 0:00:00]} 1/2-1/2

[Event "45th Guernsey Open 2019"]
[Site "Vale"]
[Date "2019.10.24"]
[Round "5.7"]
[White "Pleasants, Allan J"]
[Black "Van Dijk, Bram"]
[Result "1/2-1/2"]
[WhiteElo "2019"]
[BlackElo "1982"]
[Annotator "NA RC"]
[PlyCount "82"]
[EventDate "2019.10.20"]
[EventType "swiss"]
[EventCountry "GCI"]
[SourceTitle "playchess.com"]
[Source "ChessBase"]
[SourceQuality "1"]
[TimeControl "40/6000+30:2400+30"]

1. e4 {[%emt 0:00:00]} c6 {[%emt 0:00:14]} 2. d4 {[%emt 0:00:00]} g6 {[%emt 0:00:24]} 3. h3 {[%emt 0:02:35]} d5 {[%emt 0:00:32]} 4. Nc3 {[%emt 0:00:51]} dxe4 {[%emt 0:06:52]} 5. Nxe4 {[%emt 0:00:20]} Nd7 {[%emt 0:00:27]} 6. Nf3 {[%emt 0:03:32]} Bg7 {[%emt 0:04:52]} 7. Bd3 {[%emt 0:07:22]} Qc7 {[%emt 0:01:26]} 8. O-O {[%emt 0:04:53]} Ngf6 {[%emt 0:00:25]} 9. Nxf6+ {[%emt 0:07:35]} Nxf6 {[%emt 0:00:20]} 10. Re1 {[%emt 0:00:26]} O-O {[%emt 0:02:29]} 11. c3 {[%emt 0:02:49]} h6 {[%emt 0:06:09] B15: Caro-Kann: 3 Nc3: 3...g6 and 3...dxe4 4 Nxe4 Nf6 5 Nxf6+ exf6} (11... c5 12. Qe2 cxd4 13. Nxd4 Rd8 14. Nb5 Qc6 15. Nd4 Qc7 16. Nb5 Qc6 17. Nd4 Qc7 18. Nb5 Qc6 {½-½ (18) Radulski,J (2578)-Chatalbashev,B (2579) Borovetz 2008}) 12. Qe2 $146 {[%emt 0:05:57]} ({Predecessor:} 12. Ne5 Nd7 13. Ng4 Nf6 14. Nxh6+ Kh7 15. Ng4 Bxg4 16. hxg4 Rfe8 17. Qf3 Kg8 18. Bf4 {1-0 (28) Melia,S (2475)-Soydan,B (1762) Kocaeli 2014}) 12... e6 {[%emt 0:06:39]} 13. Ne5 {[%emt 0:05:55]} Nd5 {[%emt 0:00:32]} 14. c4 {[%emt 0:06:56]} Ne7 {[%emt 0:02:32]} 15. Bf4 {[%emt 0:05:56]} Qb6 {[%emt 0:03:44]} 16. Be3 {[%emt 0:03:51]} Qc7 {[%emt 0:03:34]} 17. Qd2 {[%emt 0:11:10]} Kh7 {[%emt 0:00:37]} 18. Bf4 {[%emt 0:01:56]} Qd8 {[%emt 0:04:48]} 19. Rad1 {[%emt 0:01:23]} Nf5 {[%emt 0:03:06]} 20. Bc2 {[%emt 0:04:02]} Qf6 {[%emt 0:06:17]} 21. Nf3 {[%emt 0:04:15]} Nh4 {[%emt 0:12:05]} 22. Nxh4 {[%emt 0:03:39]} Qxh4 {[%emt 0:00:11]} 23. Be5 {[%emt 0:03:16]} Rd8 {[%emt 0:03:43]} 24. Re4 {[%emt 0:04:10]} Qh5 {[%emt 0:01:36]} 25. Qf4 {[%emt 0:06:11]} Qf5 {[%emt 0:06:40]} 26. Qc1 {[%emt 0:02:08]} Qg5 {[%emt 0:03:49]} 27. Bf4 {[%emt 0:01:13]} Qh5 {[%emt 0:01:56]} 28. Bg3 {[%emt 0:00:57]} Kg8 {[%emt 0:06:45]} 29. Bc7 {[%emt 0:03:58]} Rd7 {[%emt 0:01:37]} 30. Be5 {[%emt 0:00:20]} b6 {[%emt 0:03:24]} 31. Ba4 {[%emt 0:04:05]} Bb7 {[%emt 0:00:11]} 32. Bxg7 {[%emt 0:00:15]} Kxg7 {[%emt 0:00:20]} 33. Qc3 {[%emt 0:01:00]} Kg8 {[%emt 0:02:30]} 34. Rde1 {[%emt 0:00:10]} Rdd8 {[%emt 0:03:08]} 35. Qe3 {[%emt 0:01:29]} Qg5 {[%emt 0:01:15]} 36. f4 {[%emt 0:01:43]} Qf6 {[%emt 0:01:18]} 37. Re5 {[%emt 0:00:05]} c5 {[%emt 0:01:21]} 38. dxc5 {[%emt 0:00:52]} bxc5 {[%emt 0:00:01]} 39. Rxc5 {[%emt 0:00:42]} Qxb2 {[%emt 0:00:10]} 40. Re2 {[%emt 0:00:41]} Qa1+ {[%emt 0:02:15]} 41. Kh2 $11 {[%emt 0:04:01]} Qd4 {[%emt 0:03:50]} 1/2-1/2

[Event "45th Guernsey Open 2019"]
[Site "Vale"]
[Date "2019.10.24"]
[Round "5.8"]
[White "Wager, John D"]
[Black "Morcom, Huw"]
[Result "1-0"]
[WhiteElo "2013"]
[BlackElo "1906"]
[Annotator "NA"]
[PlyCount "71"]
[EventDate "2019.10.20"]
[EventType "swiss"]
[EventCountry "GCI"]
[SourceTitle "playchess.com"]
[Source "ChessBase"]
[SourceQuality "1"]
[TimeControl "40/6000+30:2400+30"]

1. d4 {[%emt 0:00:00]} Nf6 {[%emt 0:00:02]} 2. c4 {[%emt 0:00:00]} c5 {[%emt 0:00:41]} 3. Nf3 {[%emt 0:00:00]} cxd4 {[%emt 0:02:20]} 4. Nxd4 {[%emt 0:00:00]} g6 {[%emt 0:00:39]} 5. Nc3 {[%emt 0:00:16]} Bg7 {[%emt 0:00:10]} 6. e4 {[%emt 0:01:09]} d6 {[%emt 0:00:13]} 7. Be2 {[%emt 0:00:27]} a6 {[%emt 0:00:28]} 8. O-O {[%emt 0:00:26]} O-O {[%emt 0:00:13]} 9. Be3 {[%emt 0:00:54]} Bd7 {[%emt 0:00:53]} 10. Rc1 {[%emt 0:01:55]} Nc6 {[%emt 0:00:08]} 11. a4 {[%emt 0:14:18]} Rc8 {[%emt 0:00:30]} 12. b3 {[%emt 0:01:18]} Re8 {[%emt 0:01:35]} 13. h3 {[%emt 0:02:07]} Qa5 {[%emt 0:00:43]} 14. f3 {[%emt 0:15:19]} Nh5 {[%emt 0:00:48]} 15. Nd5 {[%emt 0:10:29]} Nxd4 {[%emt 0:04:35]} 16. Bxd4 {[%emt 0:00:17]} Bxd4+ {[%emt 0:00:13]} 17. Qxd4 {[%emt 0:00:12]} Ng3 {[%emt 0:00:31]} 18. Rfe1 {[%emt 0:02:40]} Nxe2+ {[%emt 0:00:50]} 19. Rxe2 {[%emt 0:00:07]} Qc5 {[%emt 0:00:39]} 20. Qxc5 {[%emt 0:01:25]} Rxc5 {[%emt 0:00:18]} 21. e5 {[%emt 0:05:35]} Be6 {[%emt 0:00:27]} 22. Nf4 {[%emt 0:02:10]} Rxe5 {[%emt 0:00:12]} 23. Rxe5 {[%emt 0:00:15]} dxe5 {[%emt 0:00:07]} 24. Nxe6 {[%emt 0:00:28]} fxe6 {[%emt 0:00:06]} 25. Rd1 {[%emt 0:01:20]} Kf7 {[%emt 0:02:52]} 26. Kf2 {[%emt 0:00:16]} Rc8 {[%emt 0:00:46]} 27. Ke3 {[%emt 0:01:32]} b5 {[%emt 0:00:09]} 28. cxb5 {[%emt 0:01:23]} axb5 {[%emt 0:00:08]} 29. a5 {[%emt 0:00:41]} Rc3+ {[%emt 0:00:21]} 30. Rd3 {[%emt 0:01:14]} Rc6 {[%emt 0:01:43]} 31. b4 {[%emt 0:03:17]} Rc4 {[%emt 0:00:13]} 32. a6 {[%emt 0:03:26]} Rc7 {[%emt 0:00:42]} 33. h4 {[%emt 0:02:55]} Ra7 {[%emt 0:00:10]} 34. Ra3 {[%emt 0:00:16]} h6 {[%emt 0:00:22]} 35. Ke4 {[%emt 0:01:56]} Kf6 {[%emt 0:00:06]} 36. g4 {[%emt 0:00:40]} 1-0

[Event "45th Guernsey Open 2019"]
[Site "Vale"]
[Date "2019.10.24"]
[Round "5.9"]
[White "Reijneveld, Ad"]
[Black "Prins, Jan"]
[Result "1/2-1/2"]
[WhiteElo "2056"]
[BlackElo "1987"]
[Annotator "NA RC"]
[PlyCount "108"]
[EventDate "2019.10.20"]
[EventType "swiss"]
[EventCountry "GCI"]
[SourceTitle "playchess.com"]
[Source "ChessBase"]
[SourceQuality "1"]
[TimeControl "40/6000+30:2400+30"]

1. e4 {[%emt 0:00:00]} c6 {[%emt 0:00:00]} 2. Nc3 {[%emt 0:00:03]} d5 {[%emt 0:00:00]} 3. Nf3 {[%emt 0:00:09]} d4 {[%emt 0:00:00]} 4. Nb1 {[%emt 0:01:24]} Bg4 {[%emt 0:06:34]} 5. Bc4 {[%emt 0:01:31]} e6 {[%emt 0:01:17]} 6. h3 {[%emt 0:04:08]} Bh5 {[%emt 0:06:09]} 7. d3 {[%emt 0:00:24]} Bg6 {[%emt 0:14:43]} 8. c3 {[%emt 0:04:59]} dxc3 {[%emt 0:08:23]} 9. bxc3 {[%emt 0:03:15]} Nd7 {[%emt 0:01:22]} 10. O-O {[%emt 0:01:48]} Be7 {[%emt 0:10:36]} 11. Bb3 {[%emt 0:17:15]} Nc5 {[%emt 0:06:10]} 12. Bc2 {[%emt 0:04:56]} Qc7 {[%emt 0:09:35]} 13. Qe2 {[%emt 0:03:57]} b5 {[%emt 0:03:18]} 14. d4 {[%emt 0:03:03]} Nd7 {[%emt 0:00:57]} 15. a4 {[%emt 0:02:49]} Rb8 {[%emt 0:01:14]} 16. g3 {[%emt 0:15:04]} Rb7 {[%emt 0:03:42]} 17. Kg2 {[%emt 0:07:18]} b4 {[%emt 0:03:14]} 18. cxb4 {[%emt 0:01:26]} Bxb4 {[%emt 0:00:15]} 19. Na3 {[%emt 0:02:38]} Ngf6 {[%emt 0:05:36]} 20. Nc4 {[%emt 0:05:19]} O-O {[%emt 0:03:08]} 21. Bf4 {[%emt 0:01:34]} Qd8 {[%emt 0:01:41]} 22. Rab1 {[%emt 0:01:17]} a5 {[%emt 0:00:14]} 23. Rfd1 {[%emt 0:07:48]} Qa8 {[%emt 0:01:16]} 24. Nfe5 {[%emt 0:01:32]} Nxe5 {[%emt 0:02:13]} 25. dxe5 {[%emt 0:01:33]} Ne8 {[%emt 0:00:31]} 26. Be3 {[%emt 0:02:13]} c5 {[%emt 0:00:59]} 27. f4 {[%emt 0:01:37]} Rc7 {[%emt 0:02:11]} 28. Qf3 {[%emt 0:00:57]} f5 {[%emt 0:00:55]} 29. exf5 {[%emt 0:01:49]} Qxf3+ {[%emt 0:00:15]} 30. Kxf3 {[%emt 0:00:05]} Bxf5 {[%emt 0:00:38]} 31. Bxf5 {[%emt 0:00:07]} Rxf5 {[%emt 0:00:32]} 32. Rd8 {[%emt 0:01:05]} Rf8 {[%emt 0:00:23]} 33. Rbd1 {[%emt 0:00:50]} g6 {[%emt 0:00:45]} 34. Ra8 {[%emt 0:01:08]} Rcf7 {[%emt 0:04:53]} 35. Rdd8 {[%emt 0:01:55]} Ng7 {[%emt 0:00:18]} 36. Ke4 {[%emt 0:01:07]} Rxd8 {[%emt 0:01:03]} 37. Rxd8+ {[%emt 0:00:06]} Rf8 {[%emt 0:00:10]} 38. Rxf8+ {[%emt 0:00:26]} Kxf8 {[%emt 0:00:05]} 39. g4 {[%emt 0:00:56]} Ke7 {[%emt 0:00:58]} 40. Kd3 {[%emt 0:01:41]} Kd7 {[%emt 0:00:17]} 41. Nd6 {[%emt 0:40:55]} Kc6 {[%emt 0:40:22]} 42. Kc4 {[%emt 0:00:13]} h5 {[%emt 0:01:17]} 43. Ne4 {[%emt 0:02:09]} hxg4 {[%emt 0:01:49]} 44. hxg4 {[%emt 0:00:06]} Ba3 {[%emt 0:00:21]} 45. Nxc5 {[%emt 0:01:21]} Bxc5 {[%emt 0:00:08]} 46. Bxc5 {[%emt 0:00:07]} Ne8 {[%emt 0:00:06]} 47. Be3 {[%emt 0:02:40]} Nc7 {[%emt 0:00:42]} 48. Bd2 {[%emt 0:00:32]} Kb6 $2 {[%emt 0:00:04]} (48... Nd5 $16 {was necessary.} 49. Bxa5 Ne3+ 50. Kd3 Nxg4) 49. Kd4 {[%emt 0:01:01]} Na6 {[%emt 0:04:49]} 50. Be3 {[%emt 0:01:25]} Kc6 {[%emt 0:00:14]} 51. Kc4 $2 {[%emt 0:00:40]} ({White should try} 51. Ke4 $18) 51... Nc7 {[%emt 0:00:14]} 52. Bd2 {[%emt 0:00:29]} Kb6 {[%emt 0:00:05]} 53. Bc3 $2 {[%emt 0:01:03]} (53. g5 $18) 53... Nd5 {[%emt 0:03:57] [#]} 54. Bd4+ $11 (54. Bd2 $2 {[%emt 0:01:57]}) (54. Kd4 $1 $18 Nxf4 55. Ke4) 54... Kc6 1/2-1/2

[Event "45th Guernsey Open 2019"]
[Site "Vale"]
[Date "2019.10.24"]
[Round "5.10"]
[White "Hoogakker, Peter"]
[Black "Dennis, Nigel W"]
[Result "1/2-1/2"]
[WhiteElo "1749"]
[BlackElo "1768"]
[Annotator "NA"]
[PlyCount "31"]
[EventDate "2019.10.20"]
[EventType "swiss"]
[EventCountry "GCI"]
[SourceTitle "playchess.com"]
[Source "ChessBase"]
[SourceQuality "1"]
[TimeControl "40/6000+30:2400+30"]

1. e4 {[%emt 0:00:00]} c5 {[%emt 0:00:00]} 2. Nf3 {[%emt 0:00:00]} e6 {[%emt 0:00:00]} 3. c3 {[%emt 0:00:00]} d5 {[%emt 0:00:31]} 4. exd5 {[%emt 0:00:00]} Qxd5 {[%emt 0:00:10]} 5. d4 {[%emt 0:00:10]} Nf6 {[%emt 0:00:39]} 6. Be2 {[%emt 0:02:20]} Nc6 {[%emt 0:00:26]} 7. O-O {[%emt 0:00:36]} Be7 {[%emt 0:04:14]} 8. Na3 {[%emt 0:05:18]} cxd4 {[%emt 0:03:42]} 9. Nb5 {[%emt 0:01:31]} Qd8 {[%emt 0:00:24]} 10. Nbxd4 {[%emt 0:02:54]} Nxd4 {[%emt 0:01:06]} 11. Nxd4 {[%emt 0:00:16]} O-O {[%emt 0:00:41]} 12. Bf4 {[%emt 0:04:31]} a6 {[%emt 0:03:43]} 13. Qb3 {[%emt 0:06:39]} Qa5 {[%emt 0:12:25]} 14. Nf3 {[%emt 0:05:54]} Nd5 {[%emt 0:10:51]} 15. Bg3 {[%emt 0:05:51]} Qb6 {[%emt 0:00:36]} 16. Qxb6 {[%emt 0:06:16]} 1/2-1/2

[Event "45th Guernsey Open 2019"]
[Site "Vale"]
[Date "2019.10.24"]
[Round "5.11"]
[White "Remie, Peter"]
[Black "Strade, Arita"]
[Result "0-1"]
[WhiteElo "1688"]
[BlackElo "1882"]
[Annotator "NA RC"]
[PlyCount "64"]
[EventDate "2019.10.20"]
[EventType "swiss"]
[EventCountry "GCI"]
[SourceTitle "playchess.com"]
[Source "ChessBase"]
[SourceQuality "1"]
[TimeControl "40/6000+30:2400+30"]

1. d4 {[%emt 0:00:00]} Nf6 {[%emt 0:00:21]} 2. c4 {[%emt 0:00:04]} e6 {[%emt 0:01:10]} 3. Nf3 {[%emt 0:00:14]} b6 {[%emt 0:01:51]} 4. Bg5 {[%emt 0:03:34]} Be7 {[%emt 0:01:36]} 5. e3 {[%emt 0:00:43]} Ne4 {[%emt 0:07:08]} 6. Bxe7 {[%emt 0:01:28]} Qxe7 {[%emt 0:00:08]} 7. a3 {[%emt 0:00:53]} O-O {[%emt 0:03:41]} 8. Be2 {[%emt 0:09:24]} f5 {[%emt 0:03:47]} 9. Nc3 {[%emt 0:04:51]} d6 {[%emt 0:07:40]} 10. Qc2 {[%emt 0:03:45]} Bb7 {[%emt 0:01:12]} 11. h4 {[%emt 0:01:04]} Nd7 {[%emt 0:01:07]} 12. Nxe4 {[%emt 0:09:52]} fxe4 {[%emt 0:05:33]} 13. Ng5 {[%emt 0:22:03]} Nf6 {[%emt 0:01:29]} 14. f3 {[%emt 0:05:10]} d5 {[%emt 0:05:03]} 15. fxe4 {[%emt 0:00:23]} dxe4 {[%emt 0:06:01]} 16. O-O-O {[%emt 0:06:14]} h6 {[%emt 0:01:40]} 17. Nh3 {[%emt 0:00:14]} c5 {[%emt 0:00:46]} 18. Nf4 {[%emt 0:00:48]} cxd4 {[%emt 0:05:40]} 19. Rxd4 {[%emt 0:05:06]} e5 {[%emt 0:02:26]} 20. Ng6 {[%emt 0:08:58]} Qe8 {[%emt 0:01:10]} 21. Nxf8 {[%emt 0:16:46]} exd4 {[%emt 0:00:22]} 22. exd4 {[%emt 0:00:52]} Qxf8 {[%emt 0:00:32]} 23. Rf1 {[%emt 0:01:00]} Qd6 {[%emt 0:02:08]} 24. Qc3 {[%emt 0:02:22]} Rd8 {[%emt 0:05:31]} 25. g4 {[%emt 0:00:39]} Qh2 {[%emt 0:07:31]} 26. Qe3 {[%emt 0:01:06]} Qxh4 {[%emt 0:01:16]} 27. d5 {[%emt 0:01:42]} Qh2 {[%emt 0:01:41]} 28. Rf2 {[%emt 0:01:10]} Qc7 {[%emt 0:01:50]} 29. g5 {[%emt 0:00:31]} hxg5 {[%emt 0:04:08]} 30. Qxg5 {[%emt 0:00:19]} Rxd5 {[%emt 0:02:46]} 31. Qg6 {[%emt 0:01:08]} Rd6 {[%emt 0:01:55]} 32. Kb1 {[%emt 0:02:10]} e3 {[%emt 0:04:12]} 0-1

[Event "45th Guernsey Open 2019"]
[Site "Vale"]
[Date "2019.10.25"]
[Round "6.1"]
[White "Hebden, Mark L"]
[Black "Heppell, Ian N"]
[Result "1-0"]
[WhiteElo "2427"]
[BlackElo "1995"]
[Annotator "TA"]
[PlyCount "97"]
[EventDate "2019.10.20"]
[EventType "swiss"]
[EventCountry "GCI"]
[SourceTitle "playchess.com"]
[Source "ChessBase"]
[SourceQuality "1"]

{[%evp 9,97,-8,-2,1,17,-31,-26,-30,0,0,0,-18,0,0,0,-25,-35,-25,-23,-25,-17,-6,-14,-18,0,0,0,-34,0,0,0,0,47,49,50,39,42,46,202,52,46,39,45,52,56,56,56,58,60,52,43,30,31,39,37,0,66,60,75,81,65,36,57,62,85,81,111,88,127,143,127,129,170,160,171,135,142,148,152,154,408,418,406,410,497,491,534,533,517,515]} 1. Nc3 Nf6 2. d4 d5 3. Bf4 e6 4. Nb5 Na6 5. e3 c6 (5... Be7 6. Nf3 O-O 7. Bd3 c6 8. Nc3 Nb4 9. h3 Nxd3+ 10. cxd3 b6 11. O-O Bb7 {0-1 (40) Rapport,R (2731)-Giri,A (2783) Wijk aan Zee 2019}) 6. Nc3 {D00: 1 d4 d5: Unusual lines} Qa5 7. Bxa6 (7. a3 {feels hotter.} Be7 8. Qd2 Nh5 9. Be5 f6 10. Bg3) 7... Qxa6 8. Nge2 $146 {Black has an edge.} ({Predecessor:} 8. b3 Be7 9. a3 O-O 10. Nge2 Qb6 11. Ng3 c5 12. dxc5 Qxc5 {0-1 (49) Chebet,R-Isiko,M (1649) Kampala 2018}) 8... c5 9. O-O Bd7 10. a4 Be7 11. dxc5 Bxc5 12. Nd4 O-O 13. Be5 Be7 14. Ndb5 Rac8 15. Qd4 Rc4 16. Qxa7 Qc6 17. Nd4 $36 {[%mdl 2048] White is more active.} Qc8 18. Ncb5 Bc5 {[%mdl 1024] Black has compensation.} 19. Qa5 Bb4 20. Qb6 Ne8 (20... Bc5 $5 {[%cal Rc5b6]} 21. Qa5 Bxb5 22. axb5 Nd7 $11) 21. b3 Bc5 22. Qa5 Bb4 23. Qa7 f6 $2 (23... Bc5 $14 24. Qb8 Qxb8 25. Bxb8 Bxd4 26. bxc4 (26. exd4 Rxc2 27. Bf4 Bxb5 $11) (26. Nxd4 Rc8 $14) 26... Bxa1) 24. Bg3 (24. bxc4 $18 fxe5 25. Nb3) 24... Bc5 $14 25. Qb8 Bxd4 26. bxc4 Bxa1 27. Qxc8 Bxc8 28. Rxa1 {Black must now prevent cxd5.} dxc4 29. Na3 e5 30. Nxc4 Be6 31. Nb6 Nd6 32. f4 Ne4 ({Black should try} 32... exf4 $11 33. Bxf4 (33. exf4 Nc8 $11) 33... Nc4 34. Nxc4 Bxc4) 33. fxe5 Nxg3 34. hxg3 fxe5 {[%mdl 4096] Endgame KRB-KRN} 35. Rb1 Rd8 36. Rb5 Bf5 37. c4 Re8 38. Nd5 Bd3 39. Rxb7 Bxc4 40. Nb6 Bd3 41. a5 {[%cal Ba4a5,Ba5a6][%mdl 32]} Be4 42. Rd7 Re6 43. Nc4 {[#] Hoping for Nd6.} h6 44. Nd6 Bc6 $2 (44... Bd3 $16 {was called for.} 45. Nb7 Bc4) 45. Rd8+ $18 Kh7 46. a6 Re7 {[#] intending ...Ra7.} 47. Rc8 $1 {[%cal Rc8c6] White is clearly winning.} Bd5 48. e4 Be6 49. Re8 {Accuracy: White = 59%, Black = 37%.} 1-0